Joueur de la saison en Ligue 1 entre 2010 et 2025 - Statistiques

Statistiques générales
  • Ce quiz a été pris 83 fois
  • Le résultat moyen est 14 sur 15
Statistiques - réponses
Saison Club Joueur % Correct
2018 - 2019 Paris Saint Germain Kylian Mbappe
100%
2020 - 2021 Paris Saint Germain Kylian Mbappe
100%
2021 - 2022 Paris Saint Germain Kylian Mbappe
100%
2022 - 2023 Paris Saint Germain Kylian Mbappe
100%
2023 - 2024 Paris Saint Germain Kylian Mbappe
100%
2024 - 2025 Paris Saint Germain Ousmane Dembélé
99%
2012 - 2013 Paris Saint Germain Zlatan Ibrahimovic
99%
2013 - 2014 Paris Saint Germain Zlatan Ibrahimovic
99%
2015 - 2016 Paris Saint Germain Zlatan Ibrahimovic
99%
2010 - 2011 LOSC Lille Eden Hazard
96%
2011 - 2012 LOSC Lille Eden Hazard
96%
2016 - 2017 Paris Saint Germain Edinson Cavani
96%
2014 - 2015 Olympique Lyonnais Alexander Lacazette
95%
2017 - 2018 Paris Saint Germain Neymar JR
94%
2009 - 2010 Olympique Lyonnais Lisandro Lopez
61%
Aucun quiz correspondant
Distribution des résultats
% des personnes avec chaque résultat
Percentile par nombre de réponses
Votre historique - résultats
Vous n’avez pas pris ce quiz